000 00555nam a22001697a 4500
005 20250326101813.0
008 250326b |||||||| |||| 00| 0 eng d
020 _a9781526436467
041 _aEng.
082 _a338.4791 EVE
100 _aEverett, Sally
245 _aThe Tourism Hospitality and Events Students Guide to Study and Employability
260 _aLondon
_bSage Publication
_c2021
300 _a582;. P. 24 cm
650 _aTourism Hospitality and Event Management; Professional Education; Service Industries; Social Science
942 _cBK
999 _c43398
_d43398